Paixão partilhada e participativa: o caso do futebol /

Na minha lista:
Detalhes bibliográficos
Autor principal: Damo, Arlei Sander
Formato: Texto
Tags: Adicionar Tag
Sem tags, seja o primeiro a adicionar uma tag!

MARC

LEADER 00000 a a2200000 04500
001 47670
003
040
100 |a Damo, Arlei Sander  
245 |a Paixão partilhada e participativa:   |b o caso do futebol /  |c Arlei Sander Damo  
773 |g volumen29, número57, (2012), páginas 45-72  
999 |c 29940  |d 29940